[Event "ICS rated blitz match"]
[Site "204.178.125.65"]
[Date "2001.01.07"]
[Round "?"]
[White "inmortal"]
[Black "Hossa"]
[Result "1-0"]
[WhiteElo "2404"]
[BlackElo "2630"]
[PlyCount "73"]
[EventDate "2001.??.??"]

1. e4 e5 2. Nc3 Nf6 3. f4 d5 4. fxe5 Nxe4 5. Nf3 Be7 6. Qe2 Nxc3 7. dxc3 O-O 8.
Bf4 c6 9. O-O-O Qa5 10. Kb1 Na6 11. h3 Nc5 12. Nd4 Ne4 13. Qf3 Qb6 14. Bc1 f6
15. e6 Bc5 16. Bd3 Nxc3+ 17. Ka1 Nxd1 18. Qh5 h6 19. Qg6 f5 20. Nxf5 Rxf5 21.
Bxf5 Qc7 22. Rxd1 h5 23. Bg5 Kf8 24. Rf1 Qe7 25. Bd3+ Bf2 26. Rxf2+ Qf6 27.
Rxf6+ Ke7 28. Qf7+ Kd6 29. Bf4+ Kc5 30. Be3+ d4 31. Rf5+ Kb6 32. Bxd4+ c5 33.
Bxc5+ Ka5 34. Bd4+ b5 35. Rxb5+ Ka4 36. b3+ Ka3 37. Bb2# {Hossa checkmated} 1-0

[Event "ICS rated bullet match"]
[Site "204.178.125.65"]
[Date "2001.01.07"]
[Round "?"]
[White "Good-Boy"]
[Black "Hossa"]
[Result "1-0"]
[WhiteElo "2858"]
[BlackElo "2540"]
[PlyCount "75"]
[EventDate "2001.??.??"]

1. d4 d5 2. c4 e6 3. Nc3 Nf6 4. cxd5 exd5 5. Bg5 Bb4 6. e3 c6 7. Bd3 Qa5 8.
Nge2 Ne4 9. Bxe4 dxe4 10. Bf4 Bg4 11. Qc2 f5 12. Ng3 c5 13. dxc5 g5 14. Bxg5
Bxc3+ 15. bxc3 h6 16. Bf4 Na6 17. c6 Nc5 18. cxb7 Nxb7 19. h3 Bxh3 20. Rxh3 Nc5
21. Rh5 Qa6 22. c4 Nd3+ 23. Kf1 Rc8 24. Nxf5 Rc6 25. Qc3 Rf8 26. Rb1 Nxf4 27.
Rb8+ Rc8 28. Rxc8+ Qxc8 29. Qe5+ Qe6 30. Ng7+ Kd7 31. Nxe6 Nxe6 32. Rxh6 Nd8
33. Rd6+ Kc8 34. Qc5+ Kb8 35. Rd7 Rxf2+ 36. Kxf2 a5 37. Qa7+ Kc8 38. Qc7# {
Hossa checkmated} 1-0

[Event "ICS rated bullet match"]
[Site "204.178.125.65"]
[Date "2001.01.07"]
[Round "?"]
[White "Hossa"]
[Black "Good-Boy"]
[Result "0-1"]
[WhiteElo "2536"]
[BlackElo "2836"]
[PlyCount "132"]
[EventDate "2001.??.??"]

1. e4 c6 2. d4 d5 3. e5 c5 4. c3 Nc6 5. Nf3 Bg4 6. Be2 e6 7. h3 Bxf3 8. Bxf3
cxd4 9. cxd4 Qb6 10. O-O Qxd4 11. Qxd4 Nxd4 12. Bd1 Nc6 13. Bf4 Nge7 14. Ba4 a6
15. Rc1 b5 16. Bc2 Rc8 17. Nc3 h6 18. a4 b4 19. Ne2 g5 20. Bg3 Bg7 21. Bd3 Ra8
22. Rc2 Nxe5 23. Nc1 N7c6 24. Bf1 Nc4 25. Bxc4 Nd4 26. Rd2 dxc4 27. Bd6 c3 28.
bxc3 bxc3 29. Rd3 Rd8 30. Ba3 Nc2 31. Ra2 Rxd3 32. Nxd3 Nxa3 33. Rxa3 Ke7 34.
Rb3 c2 35. Rb7+ Kf6 36. Rd7 Rc8 37. Nc1 Kg6 38. g3 Bb2 39. Ne2 c1=R+ 40. Nxc1
Rxc1+ 41. Kg2 Rc4 42. a5 Ra4 43. Rb7 Bc3 44. Rb3 Bxa5 45. Rd3 Ra2 46. Kf1 Bb6
47. f3 a5 48. Rb3 Bf2 49. g4 Bg3 50. Re3 a4 51. Rc3 a3 52. Kg1 Bf2+ 53. Kf1 Bd4
54. Rc4 Rf2+ 55. Ke1 a2 56. Ra4 Rh2 57. Kf1 f5 58. gxf5+ Kxf5 59. h4 gxh4 60.
Ra5+ Kf4 61. Ra8 Rf2+ 62. Kg1 Kg3 63. Ra3 h3 64. f4+ Rf3+ 65. Kh1 Rxa3 66. f5
a1=Q# {Hossa checkmated} 0-1

[Event "ICS rated blitz match"]
[Site "204.178.125.65"]
[Date "2001.01.07"]
[Round "?"]
[White "Hossa"]
[Black "ChesterX"]
[Result "1-0"]
[WhiteElo "2614"]
[BlackElo "2630"]
[PlyCount "135"]
[EventDate "2001.??.??"]

1. d4 e6 2. e4 d5 3. Nd2 c5 4. dxc5 Bxc5 5. exd5 Qxd5 6. Ngf3 Nf6 7. Bc4 Qc6 8.
Qe2 O-O 9. O-O Nbd7 10. Rd1 Ng4 11. Ne4 Qxe4 12. Qxe4 Nxf2 13. Qe2 Nxd1+ 14.
Kf1 Nf2 15. Be3 Ne4 16. Rd1 Bxe3 17. Qxe3 Nef6 18. Kg1 Nb6 19. Bd3 Bd7 20. Ne5
Rfd8 21. c4 Be8 22. Qf3 Nbd7 23. Nxd7 Rxd7 24. h3 Rad8 25. Qe2 e5 26. Bc2 Rxd1+
27. Bxd1 e4 28. Bc2 Bc6 29. b4 b6 30. Qe3 h5 31. c5 bxc5 32. Qxc5 Bd5 33. Qxa7
Ra8 34. Qc7 Rxa2 35. b5 Kh7 36. b6 h4 37. Kf2 Kg6 38. Ke2 Rb2 39. Kd2 Rb4 40.
Qc5 Rc4 41. Qf8 Rd4+ 42. Ke2 Bb7 43. Ke1 Rd7 44. Ba4 Rd4 45. Bb5 Rd5 46. Bc4
Rd7 47. Ba2 Nh5 48. Qe8 Nf6 49. Qe5 Nh5 50. Bc4 Nf6 51. Qf4 Kh5 52. Be2+ Kg6
53. Qxh4 Re7 54. Bc4 Rd7 55. Qg3+ Kh7 56. Qe5 Kg8 57. g4 Nh7 58. Bb5 Rd5 59.
Qb8+ Nf8 60. Be8 Ba6 61. Qa7 Ra5 62. Qxf7+ Kh7 63. Bc6 Ng6 64. Bxe4 Rg5 65. b7
Bxb7 66. Qxb7 Re5 67. Qc6 Kg8 68. Qxg6 {ChesterX resigns} 1-0

[Event "ICS Rated bullet match"]
[Site "204.178.125.65"]
[Date "2001.01.07"]
[Round "?"]
[White "Good-Boy"]
[Black "Hossa"]
[Result "1-0"]
[WhiteElo "2841"]
[BlackElo "2531"]
[PlyCount "93"]
[EventDate "2001.??.??"]

1. d4 d5 2. c4 e6 3. Nc3 Nf6 4. Bg5 Be7 5. e3 O-O 6. Nf3 h6 7. Bh4 Ne4 8. Bxe7
Qxe7 9. Rc1 c6 10. Bd3 Nxc3 11. Rxc3 dxc4 12. Bxc4 Nd7 13. O-O e5 14. Bb3 e4
15. Nd2 Nf6 16. Qc2 Re8 17. Rc5 Bg4 18. Re5 Qb4 19. Nxe4 Nxe4 20. Rxe4 Rxe4 21.
Qxe4 Be2 22. Ra1 Bc4 23. Bxc4 Qxc4 24. Qe7 Qb5 25. b3 g6 26. Rc1 Rf8 27. h3 a5
28. Rc4 Rc8 29. d5 Qxd5 30. Qxb7 Qf5 31. g4 Qb1+ 32. Kg2 Rf8 33. Ra4 Qc2 34.
Qc7 f5 35. Rc4 Qd3 36. Qxc6 Kg7 37. Rd4 Qe2 38. Qc7+ Rf7 39. Qe5+ Kh7 40. Rd8
Qxf2+ 41. Kxf2 fxg4+ 42. Ke2 Rg7 43. Qe8 g5 44. Qe4+ Rg6 45. Rd7+ Kh8 46. Qxg6
gxh3 47. Rh7# {Hossa checkmated} 1-0

[Event "ICS Rated blitz match"]
[Site "204.178.125.65"]
[Date "2001.01.07"]
[Round "?"]
[White "Valg"]
[Black "Hossa"]
[Result "1-0"]
[WhiteElo "2708"]
[BlackElo "2628"]
[PlyCount "85"]
[EventDate "2001.??.??"]

1. e4 c5 2. Nf3 a6 3. d4 cxd4 4. Nxd4 Nf6 5. Nc3 e5 6. Nf3 Nc6 7. Bc4 Bb4 8.
O-O Bxc3 9. bxc3 d6 10. Qd3 Be6 11. Bxe6 fxe6 12. Rd1 d5 13. Ng5 dxe4 14. Qe2
Qe7 15. a4 Nd5 16. Nxe4 O-O-O 17. Ba3 Qh4 18. g3 Qh3 19. Rab1 Rd7 20. c4 Nf4
21. gxf4 Nd4 22. Rxd4 exd4 23. Nd6+ Rxd6 24. Bxd6 Rd8 25. c5 Qf5 26. Rb4 Qg6+
27. Kh1 h5 28. c6 b5 29. axb5 axb5 30. Rxd4 Qf5 31. c4 Rxd6 32. Rxd6 bxc4 33.
Qxc4 Qb1+ 34. Kg2 Qg6+ 35. Kf1 Qb1+ 36. Ke2 Qb2+ 37. Rd2 Qa3 38. c7 Qe7 39.
Qa6+ Kxc7 40. Rc2+ Qc5 41. Rxc5+ Kd8 42. Qxe6 h4 43. Rc8# {Hossa checkmated}
1-0

[Event "ICS rated blitz match"]
[Site "204.178.125.65"]
[Date "2001.01.07"]
[Round "?"]
[White "Hossa"]
[Black "jazzman-cps"]
[Result "0-1"]
[WhiteElo "2616"]
[BlackElo "2062"]
[PlyCount "100"]
[EventDate "2001.??.??"]

1. d4 Nf6 2. c4 e6 3. Nc3 Bb4 4. e3 O-O 5. Bd3 c5 6. Nge2 d5 7. cxd5 exd5 8. a3
Bxc3+ 9. bxc3 b6 10. Bb2 Ba6 11. Bf5 Nc6 12. O-O Re8 13. dxc5 bxc5 14. Qc2 Ne5
15. Rfd1 Qb6 16. Rab1 Qc6 17. Nf4 Bc4 18. Nd3 Ne4 19. Nc1 g6 20. Bxe4 dxe4 21.
Rd2 Nd3 22. Kh1 Rad8 23. Ba1 Rd5 24. Kg1 Rf5 25. Qd1 h5 26. Nxd3 Bxd3 27. Rbb2
c4 28. Qc1 Qf6 29. Rb7 Re7 30. Qb2 Kh7 31. Rb5 Rfe5 32. Rd1 Qc6 33. Rxe5 Rxe5
34. Qb8 Qc5 35. Bb2 Re6 36. a4 Qb6 37. Qf8 Rf6 38. Ba3 Qb3 39. Rc1 Qa2 40. f4
exf3 41. gxf3 Rxf3 42. Bb2 Qxb2 43. Rd1 Qf2+ 44. Kh1 Rh3 45. Qxf7+ Qxf7 46. Kg1
Qf3 47. Rxd3 cxd3 48. c4 Qe2 49. c5 Rf3 50. c6 Rf1# {Hossa checkmated} 0-1

[Event "ICS rated blitz match"]
[Site "204.178.125.65"]
[Date "2001.01.07"]
[Round "?"]
[White "PostModernist"]
[Black "Hossa"]
[Result "1-0"]
[WhiteElo "2622"]
[BlackElo "2585"]
[PlyCount "119"]
[EventDate "2001.??.??"]

1. d4 Nf6 2. c4 e6 3. Nf3 b6 4. g3 Bb7 5. Bg2 c5 6. d5 exd5 7. Ng5 Be7 8. Nc3
O-O 9. Qc2 g6 10. cxd5 Na6 11. O-O d6 12. Qd2 Nc7 13. e4 Ba6 14. Rd1 Ng4 15.
Qf4 Ne5 16. Nf3 Nxf3+ 17. Qxf3 f5 18. e5 f4 19. gxf4 dxe5 20. d6 Bxd6 21. Ne4
Qe7 22. Rxd6 exf4 23. Bxf4 Ne6 24. Qe3 Rxf4 25. Rxe6 Qxe6 26. Qxf4 Rf8 27. Qh6
Qe7 28. Rd1 Be2 29. Rd6 Bc4 30. b3 Ba6 31. Bh3 Bb5 32. Be6+ Kh8 33. Ng5 Qg7 34.
Qxg7+ Kxg7 35. Bd7 Bxd7 36. Rxd7+ Kh6 37. h4 Kh5 38. Rxh7+ Kg4 39. Kg2 a5 40.
f3+ Kf5 41. Rf7+ Rxf7 42. Nxf7 Ke6 43. Ng5+ Kf6 44. a4 Ke5 45. Nh7 Kd4 46. Nf8
Kc3 47. Nxg6 Kxb3 48. f4 c4 49. f5 c3 50. Nf4 c2 51. Ne2 Kxa4 52. f6 Kb3 53. f7
Kc4 54. f8=Q Kd3 55. Qf3+ Kc4 56. Qc6+ Kd3 57. Kf3 Kd2 58. Qc3+ Kd1 59. Kf2 a4
60. Qd3# {Hossa checkmated} 1-0

[Event "ICS rated standard match"]
[Site "204.178.125.65"]
[Date "2001.01.07"]
[Round "?"]
[White "Hossa"]
[Black "perucho"]
[Result "0-1"]
[WhiteElo "2390"]
[BlackElo "2574"]
[PlyCount "96"]
[EventDate "2001.??.??"]

1. e4 e5 2. Nc3 Nf6 3. f4 d5 4. fxe5 Nxe4 5. Nf3 Be7 6. Qe2 Nxc3 7. dxc3 c5 8.
Be3 O-O 9. Qf2 Qa5 10. Bd3 c4 11. Be2 Nc6 12. O-O Bg4 13. Bd4 Bf5 14. Ne1 Be4
15. Bg4 Nxd4 16. cxd4 f6 17. exf6 Rxf6 18. Nf3 c3 19. Rab1 cxb2 20. Rxb2 Qa6
21. Qd2 Raf8 22. Qc3 Bd6 23. Rf2 R6f7 24. Kh1 Bb8 25. Bh5 Rf4 26. Rb3 Qh6 27.
Rxb7 Qxh5 28. Qc6 Rxf3 29. Qe6+ Kh8 30. gxf3 Bxf3+ 31. Kg1 Qg5+ 32. Kf1 Bxh2
33. Rxh2 Qc1+ 34. Kf2 Bh5+ 35. Rf7 Rxf7+ 36. Qxf7 Bxf7 37. Kg3 Qe3+ 38. Kg2 Bg6
39. c4 Be4+ 40. Kf1 Qc1+ 41. Ke2 Qc2+ 42. Ke3 Qd3+ 43. Kf2 Qd2+ 44. Kg3 Qe3+
45. Kg4 Bf3+ 46. Kg3 Be2+ 47. Kg2 Qf3+ 48. Kg1 Qf1# {Hossa checkmated} 0-1

[Event "ICS rated blitz match"]
[Site "204.178.125.65"]
[Date "2001.01.07"]
[Round "?"]
[White "Hossa"]
[Black "Foe-hammer"]
[Result "0-1"]
[WhiteElo "2592"]
[BlackElo "2879"]
[PlyCount "146"]
[EventDate "2001.??.??"]

1. e4 c5 2. Nf3 d6 3. d4 cxd4 4. Nxd4 Nf6 5. Nc3 a6 6. Bg5 e6 7. Bc4 b5 8. Bd3
h6 9. Bd2 Nbd7 10. O-O Bb7 11. Qe2 Ne5 12. a4 b4 13. Na2 d5 14. Bxb4 dxe4 15.
Bb5+ axb5 16. Qxb5+ Nfd7 17. Qxb7 Rb8 18. Qxe4 Bxb4 19. Nxe6 fxe6 20. Nxb4 O-O
21. b3 Qg5 22. f4 Qe7 23. Na6 Rb6 24. fxe5 Rxa6 25. Qd4 Rxf1+ 26. Rxf1 Ra5 27.
Qe4 Qc5+ 28. Kh1 Nxe5 29. h3 Qc3 30. Kh2 Qc6 31. Qb4 Qc7 32. Kh1 Rc5 33. c4 Nd7
34. Qe1 e5 35. Qe4 Nf6 36. Qe3 Kf7 37. g3 Ke6 38. Kg1 Qb6 39. Rb1 Nd7 40. Kh2
Ra5 41. Qe1 Nf6 42. Kg2 e4 43. Qd1 e3 44. Qc2 Qb7+ 45. Kh2 Qf3 46. Qg2 Rf5 47.
Rb2 Ne4 48. g4 Qf4+ 49. Kg1 Rc5 50. Kh1 Nd2 51. Qa8 Qf1+ 52. Kh2 e2 53. Qe8+
Kf6 54. Qf8+ Kg6 55. Qd6+ Kh7 56. Qd3+ Rf5 57. Qxf5+ Qxf5 58. gxf5 e1=Q 59. Ra2
Qf2+ 60. Kh1 Qxf5 61. Kh2 Qf2+ 62. Kh1 Qf1+ 63. Kh2 Nxb3 64. Rg2 Nd2 65. c5
Nf3+ 66. Kg3 Nh4 67. Ra2 Qg1+ 68. Kf4 Qe1 69. Rg2 Nxg2+ 70. Kf3 Nh4+ 71. Kf4
g5+ 72. Kg4 Qe4+ 73. Kg3 Qf4# {Hossa checkmated} 0-1

[Event "ICS rated blitz match"]
[Site "204.178.125.65"]
[Date "2001.01.07"]
[Round "?"]
[White "armenjan"]
[Black "Hossa"]
[Result "0-1"]
[WhiteElo "2056"]
[BlackElo "2587"]
[PlyCount "49"]
[EventDate "2001.??.??"]

1. d4 d5 2. Nf3 Nc6 3. c4 Nf6 4. cxd5 Qxd5 5. Nc3 Qa5 6. Bd2 e5 7. dxe5 Nxe5 8.
e3 Nxf3+ 9. Qxf3 Bb4 10. a3 c6 11. Bc4 Bg4 12. Qg3 O-O-O 13. f3 Rd7 14. Rd1 Bd6
15. Qf2 Qc5 16. Qe2 Be6 17. Bxe6 fxe6 18. e4 Bxh2 19. Be3 Bg3+ 20. Kf1 Rxd1+
21. Nxd1 Qa5 22. Rh3 Bd6 23. Qc4 Re8 24. Nc3 Kb8 25. Rg3 {armenjan resigns} 0-1

[Event "ICS rated blitz match"]
[Site "204.178.125.65"]
[Date "2001.01.07"]
[Round "?"]
[White "Hossa"]
[Black "PostModernist"]
[Result "1-0"]
[WhiteElo "2588"]
[BlackElo "2586"]
[PlyCount "131"]
[EventDate "2001.??.??"]

1. e4 e6 2. d3 c5 3. Nf3 Nc6 4. Be2 d5 5. Bf4 Be7 6. O-O dxe4 7. dxe4 Nf6 8.
Qxd8+ Bxd8 9. Nbd2 O-O 10. Bb5 Bd7 11. Rad1 Be7 12. Nb3 Rfd8 13. Bc7 Rdc8 14.
Bd6 Bxd6 15. Rxd6 Be8 16. Rdd1 Nxe4 17. Bd3 f5 18. Rfe1 Bg6 19. Bc4 Bf7 20. Rd7
b6 21. Ba6 Rd8 22. Rc7 Nb4 23. Bb7 Nd5 24. Bxa8 Nxc7 25. Bxe4 fxe4 26. Ne5 Nd5
27. Rd1 Rf8 28. c4 Nf6 29. h3 h6 30. Nd2 Rd8 31. b3 Rd6 32. Kf1 Nd7 33. Nxd7
Rxd7 34. Ke2 Bg6 35. Nf1 Rd4 36. Rd2 Kf7 37. Ne3 Kf6 38. Ng4+ Kf5 39. Ne3+ Ke5
40. Ng4+ Kf4 41. g3+ Kg5 42. Ne5 Be8 43. f4+ Kf5 44. Ke3 Rxd2 45. g4+ Kf6 46.
Kxd2 g5 47. Ke3 gxf4+ 48. Kxe4 f3 49. Nxf3 Bc6+ 50. Kf4 Bxf3 51. Kxf3 Kg5 52.
Kg3 Kf6 53. Kf4 e5+ 54. Ke4 Kg5 55. Kxe5 Kh4 56. Kf5 Kxh3 57. g5 hxg5 58. Kxg5
Kg3 59. Kf5 Kf3 60. Ke5 Ke3 61. Kd5 Kd3 62. Kc6 Kc3 63. Kb7 a5 64. Kxb6 Kb4 65.
a4 Kc3 66. Kxc5 {PostModernist resigns} 1-0

[Event "ICS rated blitz match"]
[Site "204.178.125.65"]
[Date "2001.01.07"]
[Round "?"]
[White "ChesterX"]
[Black "Hossa"]
[Result "1-0"]
[WhiteElo "2644"]
[BlackElo "2604"]
[PlyCount "125"]
[EventDate "2001.??.??"]

1. c4 e5 2. Nc3 Nf6 3. Nf3 Nc6 4. e4 Bc5 5. Nxe5 O-O 6. Nf3 Re8 7. d3 d5 8.
cxd5 Nxd5 9. Be2 Nf6 10. O-O a6 11. Na4 Bd6 12. Be3 Ng4 13. Bc5 Bxc5 14. Nxc5
b6 15. Nb3 Qd6 16. Rc1 Ra7 17. g3 Nf6 18. Re1 Bd7 19. Qd2 Be6 20. Bd1 Bd7 21.
Qc3 Ng4 22. d4 Nb4 23. Ra1 Bb5 24. h3 Nxf2 25. Kxf2 Nd3+ 26. Kg2 Nxe1+ 27. Qxe1
Qe6 28. Nbd2 Bd7 29. g4 c5 30. d5 Qd6 31. Qg3 Qe7 32. Be2 Ba4 33. Qf4 Bc2 34.
e5 Qd7 35. Rc1 Bg6 36. d6 Qc6 37. Kg1 b5 38. Nb3 c4 39. Qd4 Qd7 40. Nc5 Qd8 41.
b3 cxb3 42. axb3 Ra8 43. d7 Re7 44. Ra1 a5 45. b4 h5 46. Bxb5 hxg4 47. hxg4 Rb8
48. Rxa5 Qc7 49. Qd6 Qxd6 50. exd6 Re3 51. Kf2 Re4 52. Nxe4 Bxe4 53. Ba4 Bxf3
54. Kxf3 Kh7 55. Re5 Rd8 56. Re8 Rxd7 57. Bxd7 Kh6 58. Bc8 f5 59. d7 fxg4+ 60.
Kxg4 Kg6 61. d8=Q Kf7 62. Kg5 g6 63. Re7# {Hossa checkmated} 1-0

[Event "ICS rated blitz match"]
[Site "204.178.125.65"]
[Date "2001.01.08"]
[Round "?"]
[White "YucLam"]
[Black "Hossa"]
[Result "0-1"]
[WhiteElo "2339"]
[BlackElo "2571"]
[PlyCount "58"]
[EventDate "2001.??.??"]

1. d4 d5 2. Nf3 Nc6 3. e3 e6 4. c3 Bd6 5. Bd3 Nf6 6. O-O O-O 7. Nbd2 e5 8. dxe5
Nxe5 9. Nxe5 Bxe5 10. Nf3 Bd6 11. Nd4 c5 12. Nf5 Be5 13. Bd2 Ne4 14. Bxe4 dxe4
15. Ng3 Qd3 16. Be1 Bxg3 17. hxg3 Be6 18. Qxd3 exd3 19. Bd2 c4 20. Rfe1 a5 21.
e4 Rfd8 22. f3 h6 23. Kf2 Kh7 24. a3 Kg6 25. Re3 a4 26. Rae1 Rd6 27. f4 Bg4 28.
e5 Rb6 29. Bc1 Rd8 {YucLam resigns} 0-1

[Event "ICS rated standard match"]
[Site "204.178.125.65"]
[Date "2001.01.08"]
[Round "?"]
[White "Hossa"]
[Black "JAMerolle"]
[Result "1-0"]
[WhiteElo "2375"]
[BlackElo "1988"]
[PlyCount "39"]
[EventDate "2001.??.??"]

1. c4 Nf6 2. g3 c6 3. Bg2 d5 4. Nf3 Nbd7 5. cxd5 Nxd5 6. O-O g6 7. d4 Bg7 8. e4
N5f6 9. Nc3 O-O 10. Bf4 c5 11. d5 b6 12. Re1 Bb7 13. e5 Nh5 14. Bc1 Bh8 15. Bh3
Qc7 16. e6 fxe6 17. Bxe6+ Kg7 18. Qd2 Rxf3 19. Qh6+ Kf6 20. Bg5# {
JAMerolle checkmated} 1-0

[Event "ICS rated blitz match"]
[Site "204.178.125.65"]
[Date "2001.01.08"]
[Round "?"]
[White "Hossa"]
[Black "ChesterX"]
[Result "0-1"]
[WhiteElo "2578"]
[BlackElo "2615"]
[PlyCount "102"]
[EventDate "2001.??.??"]

1. c4 e5 2. Nc3 Nf6 3. Nf3 Nc6 4. e4 Bc5 5. Nxe5 Nxe5 6. d4 Bb4 7. dxe5 Nxe4 8.
Qd4 Nxc3 9. bxc3 Be7 10. Be2 O-O 11. c5 b6 12. Qe4 Rb8 13. Bd3 g6 14. cxb6 axb6
15. Bh6 Re8 16. O-O Bb7 17. Qf4 d5 18. Rfd1 Qd7 19. Rab1 Ra8 20. Rb2 Ra3 21.
Bb5 c6 22. Bd3 Qc7 23. c4 Ra4 24. h4 b5 25. h5 bxc4 26. hxg6 hxg6 27. Bc2 Rb4
28. Rbb1 Bc5 29. Re1 Rxb1 30. Rxb1 Re6 31. Qh4 Ba8 32. Bf4 Bd4 33. Qh6 Bxe5 34.
Bxe5 Qxe5 35. a3 d4 36. Ba4 c5 37. Bd7 Re7 38. f4 Qd6 39. Bg4 c3 40. Rc1 c4 41.
a4 d3 42. Rf1 c2 43. Be6 Rxe6 44. f5 Re2 45. Qh2 Qxh2+ 46. Kxh2 d2 47. Kg3 d1=Q
48. Rf2 c1=Q 49. Kh3 Rxf2 50. fxg6 Bxg2+ 51. Kg3 Qf4# {Hossa checkmated} 0-1

[Event "ICS Rated blitz match"]
[Site "204.178.125.65"]
[Date "2001.01.08"]
[Round "?"]
[White "ChesterX"]
[Black "Hossa"]
[Result "1-0"]
[WhiteElo "2638"]
[BlackElo "2564"]
[PlyCount "35"]
[EventDate "2001.??.??"]

1. d4 d5 2. c4 c6 3. Nf3 dxc4 4. e3 Be6 5. a4 b5 6. axb5 cxb5 7. Nc3 Qd7 8. Ra5
a6 9. Nxb5 Nc6 10. Ra1 Bd5 11. Nc3 Nf6 12. Nxd5 Qxd5 13. Qa4 Qd6 14. Bxc4 Nd7
15. Bb5 Ndb8 16. Ne5 axb5 17. Qxa8 Nxe5 18. dxe5 {Hossa resigns} 1-0

[Event "ICS rated blitz match"]
[Site "204.178.125.65"]
[Date "2001.01.08"]
[Round "?"]
[White "Hossa"]
[Black "ChesterX"]
[Result "1/2-1/2"]
[WhiteElo "2551"]
[BlackElo "2651"]
[PlyCount "137"]
[EventDate "2001.??.??"]

1. e4 c5 2. Nf3 e6 3. d4 cxd4 4. Nxd4 Nc6 5. Be3 Nf6 6. Nd2 e5 7. Nxc6 dxc6 8.
f3 Be7 9. Bd3 O-O 10. Qe2 Be6 11. O-O Qd6 12. Bc4 Bxc4 13. Nxc4 Qe6 14. Rfd1 c5
15. Qd3 b5 16. Nd2 c4 17. Qe2 Rfd8 18. a4 a6 19. axb5 axb5 20. Nf1 Qc6 21.
Rxd8+ Rxd8 22. Ng3 Bf8 23. Qf2 Ra8 24. Rxa8 Qxa8 25. Qe1 g6 26. Qd1 Be7 27. Qc1
Qc6 28. Qd2 h5 29. Nh1 Bc5 30. Qd8+ Kg7 31. Bf2 b4 32. Qd2 Qd6 33. Qxd6 Bxd6
34. Be3 Nd7 35. Nf2 f5 36. g3 Bc5 37. Bxc5 Nxc5 38. Kf1 Na4 39. exf5 Nxb2 40.
fxg6 b3 41. cxb3 cxb3 42. Ke2 Kxg6 43. h3 Kf7 44. Kd2 Na4 45. h4 Kg6 46. g4
hxg4 47. fxg4 Kf6 48. Ne4+ Kg6 49. Kc1 Nb6 50. Nd2 Nd5 51. Nc4 e4 52. Kb2 e3
53. Kxb3 e2 54. Ne5+ Kh6 55. Nf3 Ne3 56. Kc3 Nxg4 57. Kd2 e1=Q+ 58. Nxe1 Kg6
59. Ng2 Ne5 60. Nf4+ Kf5 61. Ke3 Nc4+ 62. Kf3 Nd2+ 63. Kg3 Ne4+ 64. Kf3 Nd2+
65. Kg3 Ne4+ 66. Kf3 Nd2+ 67. Ke3 Nc4+ 68. Kf3 Nd2+ 69. Ke3 {
Game drawn by repetition} 1/2-1/2

[Event "ICS rated blitz match"]
[Site "204.178.125.65"]
[Date "2001.01.08"]
[Round "?"]
[White "QueenMaxima"]
[Black "Hossa"]
[Result "1/2-1/2"]
[WhiteElo "2530"]
[BlackElo "2555"]
[PlyCount "143"]
[EventDate "2001.??.??"]

1. e4 e5 2. Nf3 Nc6 3. Bb5 a6 4. Bc4 Nf6 5. Ng5 d5 6. exd5 Na5 7. d3 b5 8. Bb3
Nxb3 9. axb3 Qxd5 10. O-O Bg4 11. Nc3 Bxd1 12. Nxd5 Nxd5 13. Rxd1 f6 14. Ne4
Kf7 15. d4 Nb4 16. c3 Nc2 17. Ra2 exd4 18. Rd2 d3 19. Rxd3 Re8 20. f3 f5 21.
Ng5+ Kg8 22. Rd1 h6 23. Nh3 Re6 24. Nf4 Rc6 25. Rd2 g5 26. Rxc2 gxf4 27. Bxf4
Rh7 28. Rd2 Re7 29. Rd5 Rf7 30. Kf2 Bc5+ 31. Kf1 Be7 32. Ra5 Bg5 33. Be5 f4 34.
Ke2 Re6 35. Kd3 Rfe7 36. Bd4 Kh7 37. g3 Rf7 38. g4 Rfe7 39. b4 Bf6 40. Bc5 Re8
41. Rd7+ Kg6 42. Ra1 Bd8 43. Bd4 Rg8 44. Kd2 Kg5 45. Bf2 Kg6 46. h4 h5 47. g5
Rge8 48. Bd4 Rg8 49. b3 Be7 50. Rxc7 Rd8 51. Ra7 Rxd4+ 52. cxd4 Bxb4+ 53. Kd3
Re3+ 54. Kc2 Re2+ 55. Kc1 Re1+ 56. Kb2 Re2+ 57. Kb1 Re1+ 58. Kb2 Re2+ 59. Kb1
Re1+ 60. Ka2 Re2+ 61. Kb1 Re1+ 62. Kb2 Re2+ 63. Kb1 Re1+ 64. Kb2 Re2+ 65. Kb1
Re1+ 66. Ka2 Re2+ 67. Kb1 Re1+ 68. Kb2 Re2+ 69. Kc1 Re1+ 70. Kb2 Re2+ 71. Kb1
Re1+ 72. Kb2 {Game drawn by repetition} 1/2-1/2

[Event "ICS rated blitz match"]
[Site "204.178.125.65"]
[Date "2001.01.08"]
[Round "?"]
[White "Hossa"]
[Black "KingOrange"]
[Result "1-0"]
[WhiteElo "2554"]
[BlackElo "2032"]
[PlyCount "51"]
[EventDate "2001.??.??"]

1. e4 e5 2. Nf3 Nc6 3. Bb5 f5 4. Nc3 fxe4 5. Nxe4 d5 6. Nxe5 dxe4 7. Nxc6 Qg5
8. Qe2 Nf6 9. f4 Qxf4 10. d3 Qd6 11. Nxa7+ Bd7 12. Bxd7+ Qxd7 13. dxe4 Rxa7 14.
e5 Nd5 15. e6 Qd6 16. O-O Be7 17. Kh1 Rf8 18. Rxf8+ Kxf8 19. Qf2+ Bf6 20. Qxa7
Qxe6 21. Bd2 Bxb2 22. Rf1+ Bf6 23. Qxb7 Ne3 24. Re1 Bg5 25. Bxe3 Bxe3 26. Qf3+
{KingOrange resigns} 1-0

[Event "ICS rated blitz match"]
[Site "204.178.125.65"]
[Date "2001.01.08"]
[Round "?"]
[White "KingOrange"]
[Black "Hossa"]
[Result "0-1"]
[WhiteElo "2030"]
[BlackElo "2556"]
[PlyCount "40"]
[EventDate "2001.??.??"]

1. d4 d5 2. Nf3 Nc6 3. c3 Bf5 4. g3 e6 5. Bg2 Bd6 6. O-O Nf6 7. Bg5 h6 8. Bxf6
Qxf6 9. Nbd2 O-O-O 10. Nh4 Bg4 11. h3 g5 12. Nhf3 Bf5 13. g4 Bg6 14. Qa4 h5 15.
b4 hxg4 16. hxg4 Kb8 17. b5 Ne7 18. Nb3 Qf4 19. Nc5 Bxc5 20. e3 Qxg4 {
KingOrange resigns} 0-1

[Event "ICS rated blitz match"]
[Site "204.178.125.65"]
[Date "2001.01.08"]
[Round "?"]
[White "ChesterX"]
[Black "Hossa"]
[Result "0-1"]
[WhiteElo "2581"]
[BlackElo "2560"]
[PlyCount "180"]
[EventDate "2001.??.??"]

1. c4 e5 2. g3 Nc6 3. Bg2 f5 4. Nc3 Nf6 5. e3 Bb4 6. Nge2 O-O 7. O-O a6 8. d4
e4 9. Bd2 d6 10. d5 Ne5 11. Nxe4 fxe4 12. Bxb4 Nxc4 13. Qd4 Nb6 14. Bxe4 Nxe4
15. Qxe4 Bh3 16. Rfd1 Qf6 17. Nf4 Bg4 18. Bc3 Qf7 19. Re1 Rae8 20. Qd4 Nd7 21.
Rec1 Ne5 22. Qb4 g5 23. Bxe5 dxe5 24. Qxb7 Re7 25. Nd3 e4 26. Nf4 gxf4 27. exf4
Bc8 28. Qb4 Bh3 29. Rc5 Qf6 30. Rac1 Qd6 31. Qc3 Rg7 32. Qe5 Rxf4 33. Qh5 Bg4
34. Qe8+ Rf8 35. Qxe4 Qf6 36. f4 Qxb2 37. Qe5 Qxe5 38. fxe5 Bf3 39. e6 Rg5 40.
e7 Re8 41. Rxc7 Rxd5 42. Rc8 Kf7 43. Rxe8 Kxe8 44. Kf2 Be4 45. Ke3 Re5 46. Kd4
Rxe7 47. a3 Kd7 48. Rf1 Re6 49. Rf7+ Kc6 50. Ra7 Kb5 51. Rc7 Ka4 52. Rc3 Bg6
53. Kc5 Re2 54. h4 Rc2 55. Rxc2 Bxc2 56. Kb6 a5 57. g4 Bd3 58. g5 Be2 59. Kc5
Kxa3 60. Kd5 a4 61. Ke5 Kb4 62. Kd4 a3 63. Ke5 a2 64. Kd6 a1=Q 65. Ke6 Kc5 66.
g6 Qe5+ 67. Kxe5 hxg6 68. Kf6 Bh5 69. Ke5 Kc4 70. Ke4 Bd1 71. Kf4 Kd4 72. Kg5
Bh5 73. Kf4 Kd5 74. Ke3 Ke5 75. Kd3 Kf4 76. Kd4 Kg3 77. Kd5 Kxh4 78. Kd4 g5 79.
Kd5 g4 80. Kd4 g3 81. Ke3 Kg4 82. Ke2 Bf7 83. Ke3 g2 84. Kf2 Bd5 85. Kg1 Kf3
86. Kh2 Kf2 87. Kh3 Be6+ 88. Kh4 g1=Q 89. Kh5 Bf5 90. Kh4 Qg4# {
ChesterX checkmated} 0-1